| 000 | 00729nam a2200241 a 4500 | ||
|---|---|---|---|
| 001 | 000032390 | ||
| 003 | OSt | ||
| 005 | 20240412074256.0 | ||
| 008 | 110715s1944 dr r 000 p spa d | ||
| 040 |
_aDO-SdBNP _bspa _cBNPHU |
||
| 082 |
_aRD861.44 _bM385p _222 |
||
| 100 | 1 |
_aMartínez Conde, José. _924081 |
|
| 245 | 1 | 0 |
_aEntre la espiga y la estrella / _cJosé Martínez Conde. |
| 260 |
_a[Santo Domingo] : _bCromos, _c1944. |
||
| 300 |
_a[90 p.] ; _c22 cm. |
||
| 490 | 1 |
_aEdiciones América _v1 |
|
| 590 | _aInventariado, 2018/BT | ||
| 650 | 0 |
_aPoesía dominicana _966 |
|
| 650 | 0 |
_aLiteratura dominicana. _967 |
|
| 830 | 0 |
_aEdiciones América _v1 _958364 |
|
| 910 | _aValidado. Control de calidad MFF | ||
| 942 |
_2ddc _cLBS1 |
||
| 999 |
_c31881 _d31881 |
||